000 01367nab a22002297a 4500
999 _c5937
_d5937
003 OSt
005 20260114011522.0
008 190605e xxu||||| |||| 00| 0 spa d
040 _cPJ
100 _96788
_aPérez, Emiliano A.
245 1 3 _aLa "acefalía sindical" a propósito del fallo UPSRA de la Corte Suprema de Justicia de la Nación /
_cEmiliano A. Pérez.
260 _aCiudad Autónoma de Buenos Aires :
_bThomson Reuters La Ley,
_c2024.
300 _ap. 88-101
500 _aCita: TR LALEY AR/DOC/265/2024.
505 _aSumario: I. El caso bajo comentario.— II. Acefalía. Concepto.— III. ¿Cuál es el supuesto legal que configura el estado de acefalía sindical?— IV. Estándar de la Corte Al respecto.— V. Situación legal de acefalía. Diferenciación de supuestos.— VI. El supuesto autónomo de "vencimiento de mandato" y su eventual solución legal.— VII. Las facultades administrativas, y el debido actuar.— VIII. Conclusiones.
505 _t¿Te interesa el texto completo? Solicitalo al correo: koha@justierradelfuego.gov.ar
650 0 _91316
_aDERECHO LABORAL
650 0 _91367
_aASOCIACIONES SINDICALES
650 0 _9699
_aFALLOS DE LA CORTE SUPREMA
773 0 _02711
_93168
_dCiudad Autónoma de Buenos Aires : Thomson Reuters La Ley, 1999-2002.
_tRevista de derecho del trabajo. Nº 2 - Marzo 2024
942 _2udc
_cANA